000 02464cam a22005534i 4500
003 PE-LiUPU
005 20250731173400.0
008 140324d2008 sp a g |||| 011 0 spa
020 _a9788481697711
035 _a(Sirsi) i9788481697711
040 _aPE-LiUPU
_bspa
_cPE-LiUPU
_erda
049 _aPRUA
082 0 4 _a270
_bR3
245 0 0 _aReimaginando los orígenes del cristianismo :
_brelevancia social y eclesial de los estudios sobre orígenes del cristianismo : libro homenaje a Rafael Aguirre en su 65 cumpleaños /
_cCarmen Bernabé y Carlos Gil (editores) ; [traducción de los.
264 1 _aEstella, Navarra :
_bVerbo Divino,
_c2008.
300 _a559 páginas :
_bilustraciones ;
_c24 centímetros
336 _atext
_2rdacontent
337 _aunmediated
_2rdamedia
338 _avolume
_2rdacarrier
490 0 _aÁgora ;
_v23
504 _aBibliografía : páginas 505-555.
505 0 _aLa importancia de la metodología -- Orígenes del cristianismo -- Relevancia social y eclesial de los estudios sobre Biblia y orígenes del cristianismo.
526 _aSEG42
526 _aSEG41
526 _aSEG40
526 _aSEG39
526 _aP94
526 _aP87
526 _aP86
526 _aP85
526 _aP77
526 _aP76
526 _aP35
600 1 4 _aAguirre, Rafael
_qAguirre Monasterio
_vHomenajes.
630 4 _aBiblia
_xCrítica e interpretación
_vColecciones de escritos.
650 1 4 _aCristianismo
_xFilosofía y religión.
650 1 4 _aSociología bíblica
_vColecciones de escritos.
700 1 _aÁlvarez Cineira, David,
_eautor.
700 1 _aBernabé Ubieta, Carmen,
_eeditor.
700 1 _aGil Arbiol, Carlos,
_eeditor.
942 _2ddc
_cBOOK
949 _a270 R3
_wDEWEY
_c1
_i69531
_lCCODEBUL1
_mBUL
_p48.00
_r0
_sY
_tBOOK
_u2015-7-6
_xTEOLOGIA
_PP35
_0COMPRA
_o.STAFF. Colección General
949 _a270.0301 R3
_wDEWEY
_c1
_i62505
_lCCODEBUL1
_mBUL
_p45.00
_r0
_sY
_tBOOK
_u2015-7-6
_xTEOLOGIA
_PP35
_0COMPRA
_o.STAFF. Colección General
994 _aC0
_bPEPRU
596 _a1
999 _a270.0301 R3
_wDEWEY
_c51561
_i62505
_d51561
_f2021-11-11
_g5
_lCCODEBUL1
_mBUL
_p45.00
_q2
_r0
_sY
_tBOOK
_u2015-7-6
_xTEOLOGIA
_PP35
_0COMPRA
_o.STAFF. Colección General
999 _a270 R3
_wDEWEY
_c1
_i69531
_d2018-5-8
_f2021-11-11
_g6
_lCCODEBUL1
_mBUL
_p48.00
_q2
_r0
_sY
_tBOOK
_u2015-7-6
_xTEOLOGIA
_PP35
_0COMPRA
_o.STAFF. Colección General
980 _81
_gALBERTO SANCHEZ Responsable de Automatización